000 00430nas a2200145 a 4500
008 071003c20059999xx |||||||||||||| || u
050 _aZAM-PER(05)TIZB
110 _aTransparency International Zambia (TIZ)
245 1 0 _aTI-Zambia bulletin
250 _a2005
260 _a
_bTransparency International Zambia (TIZ)
_c2005
350 _a0.00
500 _aLibrary Holdings: July-December 2005
650 _aGOOD GOVERNANCE--ZAMBIA
999 _c59894
_d59894